000 00713nam a2200229 i 4500
001 115158
003 ES-MaACL
005 20250918175819.0
007 t|
008 070223s1907 sp ||||1| spa d
080 _a821.134.2-32"19"
100 1 _aRépide, Pedro de,
_d1882-1948
_996267
245 1 0 _aDel Rastro á Maravillas
_b: novela /
_cPedro de Répide ; ilustraciones de Robledano.
260 _aMadrid :
_bEl Cuento Semanal,
_c1907.
300 _a20 p. :
_bil. ;
_c26 cm.
490 1 _aEl cuento semanal ;
_v13
500 _aSin cubierta.
700 1 _aRobledano, José,
_d1884-1974
_997914
830 0 3 _aEl cuento semanal
_v13
_9185957
852 _aES-MaACL
_jG-4439(13)
999 _c115158
_d115158